| 000 | 00420nam a22001457a 4500 | ||
|---|---|---|---|
| 005 | 20250901141837.0 | ||
| 008 | 250901b |||||||| |||| 00| 0 eng d | ||
| 020 | _a9781535533935 | ||
| 050 |
_aBV4527 _bWIL |
||
| 100 | _aWILSON OTABIL FIIFI | ||
| 245 |
_aTHE NEW YOU; _bUNDERSTANDING AND LIVING YOUR NEW IDENTITY IN CHRIST |
||
| 260 |
_aNASHVILLE _bTHOMSON NELSON, INC. _cc1982 |
||
| 300 | _axv, 101p | ||
| 942 |
_2lcc _cBK _n0 |
||
| 999 |
_c7416 _d7416 |
||